| Tag |
First Indicator |
Second Indicator |
Subfields |
| LEADER |
00000cam a2200000 i 4500 |
| 001 |
in00000029632 |
| 005 |
20151007062853.0 |
| 008 |
791102s1912 enk b 00010 eng u |
| 010 |
|
|
|a 12029036
|
| 035 |
|
|
|a (OCoLC)05638976
|
| 035 |
|
|
|9 AAD5986AM
|
| 040 |
|
|
|c CCH
|d TXA
|d UtOrBLW
|
| 049 |
|
|
|a TXAM
|c [1846]
|
| 050 |
|
0 |
|a PN1376
|b .H4
|
| 092 |
|
|
|a 821.04
|b H497b
|
| 100 |
1 |
|
|a Henderson, T. F.
|q (Thomas Finlayson),
|d 1844-1923.
|
| 245 |
1 |
4 |
|a The ballad in literature /
|c by T.F. Henderson.
|
| 264 |
|
1 |
|a Cambridge [England] :
|b The University Press ;
|a New York :
|b G. P. Putnam's sons,
|c 1912.
|
| 300 |
|
|
|a ix, 128 pages ;
|c 17 cm.
|
| 336 |
|
|
|a text
|b txt
|2 rdacontent
|
| 337 |
|
|
|a unmediated
|b n
|2 rdamedia
|
| 338 |
|
|
|a volume
|b nc
|2 rdacarrier
|
| 490 |
0 |
|
|a The Cambridge manuals of science and literature
|
| 500 |
|
|
|a Title within ornamental border.
|
| 504 |
|
|
|a "Authorities": page 124.
|
| 650 |
|
0 |
|a Ballads
|x History and criticism.
|
| 999 |
|
|
|a MARS
|
| 999 |
f |
f |
|s 4b0aa7f5-11a9-399e-a39e-2ee271a305b9
|i 25f9142c-4b20-3279-8538-c547e5b091b6
|t 0
|
| 952 |
f |
f |
|p ric
|a Texas A&M University
|b Rellis Campus
|c Joint Library Facility
|d Remote Storage
|t 0
|e PN1376 .H4
|h Library of Congress classification
|i unmediated -- volume
|m A14801289858
|
| 998 |
f |
f |
|a PN1376 .H4
|t 0
|l Remote Storage
|